Basic Electronics and Linear circuits (Record no. 112)

MARC details
000 -LEADER
Fixed length control field 00595nam a2200205 4500
003 - CONTROL NUMBER IDENTIFIER
Control field SEACOMEC
005 - DATE AND TIME OF LATEST TRANSACTION
Control field 20240404131648.0
008 - FIXED-LENGTH DATA ELEMENTS--GENERAL INFORMATION
Fixed length control field 231006b |||||||| |||| 00| 0 eng d
020 ## - INTERNATIONAL STANDARD BOOK NUMBER / ISBN
Price Rs. 170.00
040 ## - CATALOGING SOURCE
Original cataloging agency SEACOMEC
082 ## - DEWEY DECIMAL CLASSIFICATION NUMBER
Classification number 621.381
Book Number B575
100 1# - MAIN ENTRY--PERSONAL NAME
Personal name Bhargava, N.N.
245 1# - TITLE STATEMENT
Title Basic Electronics and Linear circuits
Statement of responsibility N.N. Bhargava, D.C. Kulshreshtha and S.C. Gupta
260 ## - IMPRINT
Place of publication New Delhi
Name of publisher Tata McGraw Hill
Date of publication 2006
650 ## - SUBJECT ADDED ENTRY--TOPICAL TERM
Topical term Applied physics
650 ## - SUBJECT ADDED ENTRY--TOPICAL TERM
Topical term Electronics, communications engineering
700 1# - ADDED ENTRY--PERSONAL NAME
Personal name Kulshreshtha, D.C.
700 1# - ADDED ENTRY--PERSONAL NAME
Personal name Gupta, S.C.
942 ## - ADDED ENTRY ELEMENTS (KOHA)
Koha item type Books
Holdings
Withdrawn status Lost status Source of classification Damaged status Not for loan Home library Current library Date acquired Total Checkouts Call number Accession number Date last seen Price effective from Koha item type Copy number
    Dewey Decimal Classification     SEACOM ENGINEERING COLLEGE SEACOM ENGINEERING COLLEGE 04/04/2024   621.381 B575 4870 04/04/2024 04/04/2024 Books  
    Dewey Decimal Classification     SEACOM ENGINEERING COLLEGE SEACOM ENGINEERING COLLEGE 04/04/2024   621.381 B575 4871 04/04/2024 04/04/2024 Books 1
    Dewey Decimal Classification     SEACOM ENGINEERING COLLEGE SEACOM ENGINEERING COLLEGE 04/04/2024   621.381 B575 4872 04/04/2024 04/04/2024 Books 2
    Dewey Decimal Classification     SEACOM ENGINEERING COLLEGE SEACOM ENGINEERING COLLEGE 04/04/2024   621.381 B575 4873 04/04/2024 04/04/2024 Books 3
    Dewey Decimal Classification     SEACOM ENGINEERING COLLEGE SEACOM ENGINEERING COLLEGE 04/04/2024   621.381 B575 4874 04/04/2024 04/04/2024 Books 4
    Dewey Decimal Classification     SEACOM ENGINEERING COLLEGE SEACOM ENGINEERING COLLEGE 04/04/2024   621.381 B575 4875 04/04/2024 04/04/2024 Books 5
    Dewey Decimal Classification     SEACOM ENGINEERING COLLEGE SEACOM ENGINEERING COLLEGE 04/04/2024   621.381 B575 4876 04/04/2024 04/04/2024 Books 6
    Dewey Decimal Classification     SEACOM ENGINEERING COLLEGE SEACOM ENGINEERING COLLEGE 04/04/2024   621.381 B575 4877 04/04/2024 04/04/2024 Books 7
    Dewey Decimal Classification     SEACOM ENGINEERING COLLEGE SEACOM ENGINEERING COLLEGE 04/04/2024   621.381 B575 4878 04/04/2024 04/04/2024 Books 8
    Dewey Decimal Classification     SEACOM ENGINEERING COLLEGE SEACOM ENGINEERING COLLEGE 04/04/2024   621.381 B575 4879 04/04/2024 04/04/2024 Books 9
    Dewey Decimal Classification     SEACOM ENGINEERING COLLEGE SEACOM ENGINEERING COLLEGE 24/01/2008   621.381 B575 9264 23/05/2024 23/05/2024 Books 10
    Dewey Decimal Classification     SEACOM ENGINEERING COLLEGE SEACOM ENGINEERING COLLEGE 24/01/2008   621.381 B575 9265 23/05/2024 23/05/2024 Books 11
    Dewey Decimal Classification     SEACOM ENGINEERING COLLEGE SEACOM ENGINEERING COLLEGE 24/01/2008   621.381 B575 9266 23/05/2024 23/05/2024 Books 12
    Dewey Decimal Classification     SEACOM ENGINEERING COLLEGE SEACOM ENGINEERING COLLEGE 24/01/2008   621.381 B575 9267 23/05/2024 23/05/2024 Books 13
    Dewey Decimal Classification     SEACOM ENGINEERING COLLEGE SEACOM ENGINEERING COLLEGE 24/01/2008   621.381 B575 9268 23/05/2024 23/05/2024 Books 14
    Dewey Decimal Classification     SEACOM ENGINEERING COLLEGE SEACOM ENGINEERING COLLEGE 24/01/2008   621.381 B575 9269 23/05/2024 23/05/2024 Books 15
    Dewey Decimal Classification     SEACOM ENGINEERING COLLEGE SEACOM ENGINEERING COLLEGE 24/01/2008   621.381 B575 9270 23/05/2024 23/05/2024 Books 16
    Dewey Decimal Classification     SEACOM ENGINEERING COLLEGE SEACOM ENGINEERING COLLEGE 24/01/2008   621.381 B575 9271 23/05/2024 23/05/2024 Books 17
    Dewey Decimal Classification     SEACOM ENGINEERING COLLEGE SEACOM ENGINEERING COLLEGE 24/01/2008   621.381 B575 9272 23/05/2024 23/05/2024 Books 18
    Dewey Decimal Classification     SEACOM ENGINEERING COLLEGE SEACOM ENGINEERING COLLEGE 24/01/2008   621.381 B575 9273 23/05/2024 23/05/2024 Books 19
© Seacom Engineering College, All rights reserved.      Powered by Koha